000
00217nam a22000857a 4500
008
161213b xxu||||| |||| 00| 0 eng d
100
_9
2018
_a
Wren.P.C.etal.
245
_a
English Grammar
260
_a
New Delhi
_b
S. Chand
_c
2009
999
_c
4885
_d
4885